• 首页
  • 本馆介绍
  • 公告通知
  • 最新文献
  • 馆藏检索
  • 电子资源
  • 读者导购
  • 参考咨询
  • 我的图书馆
  • 登录
  • 详细信息显示
  • 放入我的书架
  • 预约/预借图书
  • 作者相关作品
  • 分类相关作品
  • 丛书相关作品
  • 出版社相关作品

书目信息

  • 表格格式
  • 工作单格式
  • 卡片格式
题名:
由上而下的革命
    
 
作者: 陈晓慧, 著
分册:  
出版信息: 北京   中国大百科全书出版社  2015
页数: 227页
开本: 23cm
丛书名: 台湾学人文库
单 册:
中图分类: D693.74
科图分类:
主题词:
电子资源:
ISBN: 978-7-5000-9557-6
000 01154nam0 22002771 450
001 0124140206
005 20170324140206.0
010    @a978-7-5000-9557-6@dCNY38.00
100    @a20150701d2015 em y0chiy50 ea
101 0  @achi
102    @aCN@b110000
105    @ay a 000yy
106    @ar
200 1  @a由上而下的革命@9you shang er xia de ge ming@e中国国民党改造之研究@e1950-1952@f陈晓慧著
210    @a北京@c中国大百科全书出版社@d2015
215    @a227页@d23cm
225 2  @a台湾学人文库@9tai wan xue ren wen ku
320    @a有书目 (第214-227页)
330    @a本书在前人研究的基础上,对国民党1950-1952改选的背景、改造的进程、改造的影响等,进行了深刻的分析与论述,探讨国民党在风雨飘摇中是如何通过改造而形成社会的共识与向心力,最终控制了台湾地区,并认为此次改选的发动者与最终决策者都是蒋介石,是一次由上而下的革命。
461  0 @12001 @a台湾学人文库
517 1  @a中国国民党改造之研究@9zhong guo guo min dang gai zao zhi yan jiu
601 02 @a中国国民党@Azhong guo guo min dang@x改造@x研究@z1950-1952
690    @aD693.74@v5
701  0 @a陈晓慧,@9chen xiao hui ,@4著
801  0 @aCN@bTANGWEI@c20170308
905    @b0962102-4@dD693.74@e220@f3
    
    由上而下的革命:中国国民党改造之研究:1950-1952/陈晓慧著.-北京:中国大百科全书出版社,2015
    227页;23cm.-(台湾学人文库)
    
    
    ISBN 978-7-5000-9557-6:CNY38.00
    本书在前人研究的基础上,对国民党1950-1952改选的背景、改造的进程、改造的影响等,进行了深刻的分析与论述,探讨国民党在风雨飘摇中是如何通过改造而形成社会的共识与向心力,最终控制了台湾地区,并认为此次改选的发动者与最终决策者都是蒋介石,是一次由上而下的革命。
●
相关链接 在E读中查询图书 在五车中查询图书 在当当中查询图书 在豆瓣中查询图书


正题名:由上而下的革命     索取号:D693.74/220         预约/预借

序号 登录号 条形码 馆藏地/架位号 状态 备注
1 0962102   209621024   第一样本阅览室/ [索取号:D693.74/220] 在馆    
2 0962103   209621033   第一借阅区/ [索取号:D693.74/220] 在馆    
3 0962104   209621042   第一借阅区/ [索取号:D693.74/220] 在馆    
唐山师范学院图书馆 欢迎您!
大连网信软件有限公司© 版权所有